|
|
|
|
| LEADER |
01314nam a2200349Ia 4500 |
| 001 |
EBC334223 |
| 003 |
MiAaPQ |
| 005 |
20200520144314.0 |
| 006 |
m o d | |
| 007 |
cr cn||||||||| |
| 008 |
081210s2007 mnu sb 001 0 eng d |
| 010 |
|
|
|z 2006100453
|
| 020 |
|
|
|z 9780816649297 (hc : alk. paper)
|
| 020 |
|
|
|z 9780816649303 (pb : alk. paper)
|
| 035 |
|
|
|a (MiAaPQ)EBC334223
|
| 035 |
|
|
|a (Au-PeEL)EBL334223
|
| 035 |
|
|
|a (CaPaEBR)ebr10215802
|
| 035 |
|
|
|a (CaONFJC)MIL523304
|
| 035 |
|
|
|a (OCoLC)233572806
|
| 040 |
|
|
|a MiAaPQ
|c MiAaPQ
|d MiAaPQ
|
| 050 |
|
4 |
|a PN1998.3.P367
|b R54 2007
|
| 082 |
0 |
4 |
|a 791.4302/33092
|2 22
|
| 100 |
1 |
|
|a Rhodes, John David,
|d 1969-
|
| 245 |
1 |
0 |
|a Stupendous, miserable city
|h [electronic resource] :
|b Pasolini?s Rome /
|c John David Rhodes.
|
| 260 |
|
|
|a Minneapolis :
|b University of Minnesota Press,
|c 2007.
|
| 300 |
|
|
|a xxiii, 184 p.
|
| 504 |
|
|
|a Includes bibliographical references and index.
|
| 533 |
|
|
|a Electronic reproduction. Ann Arbor, MI : ProQuest, 2015. Available via World Wide Web. Access may be limited to ProQuest affiliated libraries.
|
| 651 |
|
0 |
|a Rome (Italy)
|x In motion pictures.
|
| 655 |
|
4 |
|a Electronic books.
|
| 710 |
2 |
|
|a ProQuest (Firm)
|
| 856 |
4 |
0 |
|u https://ebookcentral.proquest.com/lib/matrademy/detail.action?docID=334223
|z Click to View
|